000 00666nam a2200289Ia 4500
005 20260324113531.0
008 008 260324s9999 xx 000 0 eng d
020 _a9781003203179
037 _aEBOOK
040 _aCRL
040 _beng
040 _cCRL
041 _2eng
041 _aeng
084 _qCRL
100 _aCraig Staff
245 0 _aWeak Painting After Modernism
245 0 _bMaterial Strategies 1968-1978
260 _bTaylor and Francis
260 _c2023
365 _a
365 _b230
856 _uhttp://www.taylorfrancis.com/books/9781003203179
942 _cEBOOK
999 _c1736865
_d1736865